Rizika a kapitálové požadavky ve finančních sektorech
Hodnotenie rizika a prístupy k regulácii kapitálu. Pri medzirezortnom porovnávaní spoločností vznikajú problémy spôsobené rozdielmi: v účtovných metódach, v časovom horizonte, v úlohe kapitálu, vo význame opravných položiek, v pomere držaného kapitálu k minimálne požadovanému kapitálu. Prístup regul...
Salvato in:
| Autore principale: | |
|---|---|
| Altri autori: | , |
| Natura: | Capitolo di libro |
| Lingua: | ceco |
| Soggetti: | |
| Tags: |
Nessun Tag, puoi essere il primo ad aggiungerne!!
|
MARC
| LEADER | 00000naa a2200000 4500 | ||
|---|---|---|---|
| 001 | r048726 | ||
| 005 | 20231004072926.1 | ||
| 041 | 0 | |a cze | |
| 044 | |a CZ | ||
| 245 | 1 | 0 | |a Rizika a kapitálové požadavky ve finančních sektorech |c Radka Litošová, Tomáš Rýdl, Jitka Svobodová |
| 520 | |a Hodnotenie rizika a prístupy k regulácii kapitálu. Pri medzirezortnom porovnávaní spoločností vznikajú problémy spôsobené rozdielmi: v účtovných metódach, v časovom horizonte, v úlohe kapitálu, vo význame opravných položiek, v pomere držaného kapitálu k minimálne požadovanému kapitálu. Prístup regulátorov k zlyhaniu finančných inštitúcií. Riadenie rizika a stanovovanie kapitálovej požiadavky. | ||
| 610 | 2 | 0 | |a trh finančný |
| 610 | 2 | 0 | |a riziko |
| 610 | 2 | 0 | |a rating |
| 610 | 2 | 0 | |a kapitál |
| 610 | 2 | 0 | |a metódy účtovné |
| 610 | 2 | 0 | |a položky opravné |
| 610 | 2 | 0 | |a primeranosť kapitálová |
| 100 | 1 | |a Litošová, Radka | |
| 700 | 1 | |a Rýdl, Tomáš | |
| 700 | 1 | |a Svobodová, Jitka | |